000 01759cam a22005054i 4500
003 PE-LiUPU
005 20250731165523.0
008 150623s r 000 0 d
035 _a(Sirsi) a28278
035 _a(Sirsi) a28278
040 _aPE-LiUPU
_bspa
_cPE-LiUPU
_erda
082 0 4 _a221.008
_bAB
_221
100 1 _aRastoin, Marc,
_eautor.
245 1 0 _aTarse et Jérusalem :
_bLa Double Culture de L´Apôtre Paul en Galates 3,6-4,7 /
_cMarc Rastoin.
264 1 _aRoma :
_bPontificio Istituto Biblico,
_c2003.
300 _a376 páginas ;
_c26 cm.
336 _atext
_2rdacontent
337 _aunmediated
_2rdamedia
338 _avolume
_2rdacarrier
490 0 _aAnalecta Biblica ;
_v152
504 _aIncluye bibliografia.
505 0 _aLa doble cultura del Apostol Pablo en Galatas 3,6-4,7.
526 _aSEG44
526 _aSEG26
526 _aP151
526 _aP150
526 _aP149
526 _aP146
526 _aP145
526 _aP126
526 _aP125
526 _aP92
526 _aP75
526 _aP74
526 _aP27
526 _aP15
600 1 _aPablo de Tarso.
_d2 a. C. - c. 66 d. C.
630 _aBiblia.
_pN.T.
_PG álatas
_xComentarios.
942 _2ddc
_cBOOK
949 _aRC 221.008 AB
_wDEWEY
_c1
_i55023
_lRC
_mBUL
_r0
_sY
_tBOOK
_u2015-6-24
_xTEOLOGIA
_PP35
_0COMPRA
_o.CIRCNOTE. No olvidar cambiar la fecha de devolución!!!!!!!
_o.STAFF. Colección General
994 _aC0
_bPEPRU
596 _a1
999 _aRC 221.008 AB
_wDEWEY
_c35508
_i55023
_f2021-11-8
_g6
_lCCODEBUL1
_mBUL
_r1
_sY
_tBOOK
_u2015-6-24
_xTEOLOGIA
_PP35
_0COMPRA
_o.CIRCNOTE. No olvidar cambiar la fecha de devolución!!!!!!!
_o.STAFF. Colección General
_d35508
980 _81
_gALBERTO SANCHEZ Responsable de Automatización